000 00260nam a2200121Ia 4500
008 170620s9999 xx 000 0 und d
020 _a9.78818E+12
100 _aCHAUHAN J.P
245 0 _aBCA MATHEMATICS
260 _bKRISHNA PUB
260 _c2013
300 _a436
546 _aENGLISH
999 _c29984
_d29984